<?xml version="1.0" encoding="UTF-8"?>
<record
    xmlns:xsi="http://www.w3.org/2001/XMLSchema-instance"
    xsi:schemaLocation="http://www.loc.gov/MARC21/slim http://www.loc.gov/standards/marcxml/schema/MARC21slim.xsd"
    xmlns="http://www.loc.gov/MARC21/slim">

  <leader>01934nim a2200397 i 4500</leader>
  <controlfield tag="001">197404</controlfield>
  <controlfield tag="003">ES-MaACL</controlfield>
  <controlfield tag="005">20250828062643.0</controlfield>
  <controlfield tag="007">ss lsnjlcipnne</controlfield>
  <controlfield tag="008">230525s1991    sp nnnn  |||| 00|   spa d</controlfield>
  <datafield tag="040" ind1=" " ind2=" ">
    <subfield code="b">spa</subfield>
    <subfield code="c">ES-MaACL</subfield>
  </datafield>
  <datafield tag="100" ind1="1" ind2=" ">
    <subfield code="a">Lavaur, Luis,</subfield>
    <subfield code="d">1917-</subfield>
    <subfield code="e">aut</subfield>
    <subfield code="9">70695</subfield>
  </datafield>
  <datafield tag="245" ind1="0" ind2="0">
    <subfield code="a">Siglo XX - El viaje en la vida y en la obra de Elizabeth Barrett y George Eliot </subfield>
    <subfield code="h">[Grabaci&#xF3;n sonora] :</subfield>
    <subfield code="b">ciclo de conferencias sobre "Mujeres viajeras-Operaci&#xF3;n Ariadna" /</subfield>
    <subfield code="c">a cargo de D. Luis Lavaur ; presenta Miguel Losada</subfield>
  </datafield>
  <datafield tag="246" ind1=" " ind2=" ">
    <subfield code="a">Ciclo de conferencias "Mujeres viajeras - Operaci&#xF3;n Ariadna"</subfield>
  </datafield>
  <datafield tag="260" ind1=" " ind2=" ">
    <subfield code="a">Madrid : </subfield>
    <subfield code="b">Ateneo de Madrid, </subfield>
    <subfield code="c">1991</subfield>
  </datafield>
  <datafield tag="300" ind1=" " ind2=" ">
    <subfield code="a">1 casete (ca. 90 min) :</subfield>
    <subfield code="b">son. ;</subfield>
    <subfield code="c">11 cm</subfield>
  </datafield>
  <datafield tag="490" ind1="1" ind2=" ">
    <subfield code="3">Actos culturales en el Ateneo de Madrid</subfield>
  </datafield>
  <datafield tag="518" ind1=" " ind2=" ">
    <subfield code="a">Grabado el 4 de diciembre de 1991 en el Sal&#xF3;n de Actos del Ateneo de Madrid.</subfield>
  </datafield>
  <datafield tag="520" ind1=" " ind2=" ">
    <subfield code="a">Acto dentro del ciclo de conferencias "Mujeres viajeras - Operaci&#xF3;n Ariadna". Conferencia sobre la vida y la obra de las escritoras Elizabeth Barrett y George Eliot, por Luis Lavaur, ensayista. Acto patrocinado por el Instituto de la Mujer. </subfield>
  </datafield>
  <datafield tag="540" ind1=" " ind2=" ">
    <subfield code="a">Documento in&#xE9;dito</subfield>
  </datafield>
  <datafield tag="594" ind1=" " ind2=" ">
    <subfield code="5">Datos basados en la invitaci&#xF3;n. </subfield>
  </datafield>
  <datafield tag="600" ind1="0" ind2="4">
    <subfield code="9">32034</subfield>
    <subfield code="a">Browning, Elizabeth Barrett</subfield>
  </datafield>
  <datafield tag="600" ind1="0" ind2="4">
    <subfield code="9">46995</subfield>
    <subfield code="a">Eliot, George</subfield>
  </datafield>
  <datafield tag="610" ind1="2" ind2="0">
    <subfield code="a">Ateneo de Madrid-</subfield>
    <subfield code="x">Actos culturales-</subfield>
    <subfield code="y">1991-</subfield>
    <subfield code="v">Grabaciones sonoras</subfield>
    <subfield code="9">240452</subfield>
  </datafield>
  <datafield tag="650" ind1=" " ind2="7">
    <subfield code="a">Mujeres</subfield>
    <subfield code="2">embne</subfield>
    <subfield code="9">15251</subfield>
  </datafield>
  <datafield tag="653" ind1=" " ind2=" ">
    <subfield code="a">Archivo de la palabra</subfield>
  </datafield>
  <datafield tag="655" ind1=" " ind2="0">
    <subfield code="a">Conferencias</subfield>
    <subfield code="9">234444</subfield>
  </datafield>
  <datafield tag="700" ind1="1" ind2=" ">
    <subfield code="9">74261</subfield>
    <subfield code="a">Losada, Miguel</subfield>
    <subfield code="e">pres</subfield>
  </datafield>
  <datafield tag="710" ind1=" " ind2=" ">
    <subfield code="a">Ateneo de Madrid. </subfield>
    <subfield code="e">his</subfield>
    <subfield code="b">Agrupaci&#xF3;n Atene&#xED;sta de Estudios sobre la Mujer "Clara Campoamor"</subfield>
    <subfield code="9">240081</subfield>
  </datafield>
  <datafield tag="710" ind1="2" ind2=" ">
    <subfield code="a">Instituto de la Mujer (Espa&#xF1;a)</subfield>
    <subfield code="e">spn</subfield>
    <subfield code="9">4980</subfield>
  </datafield>
  <datafield tag="830" ind1=" " ind2="0">
    <subfield code="a">Actos culturales en el Ateneo de Madrid</subfield>
    <subfield code="9">240237</subfield>
  </datafield>
  <datafield tag="852" ind1=" " ind2=" ">
    <subfield code="a">ES-MaACL</subfield>
    <subfield code="c">DEPOZ</subfield>
    <subfield code="9">205771</subfield>
  </datafield>
  <datafield tag="942" ind1=" " ind2=" ">
    <subfield code="2">udc</subfield>
    <subfield code="n">0</subfield>
    <subfield code="c">CINTASAUD</subfield>
  </datafield>
  <datafield tag="999" ind1=" " ind2=" ">
    <subfield code="c">197404</subfield>
    <subfield code="d">197404</subfield>
  </datafield>
  <datafield tag="952" ind1=" " ind2=" ">
    <subfield code="0">0</subfield>
    <subfield code="1">0</subfield>
    <subfield code="2">udc</subfield>
    <subfield code="4">0</subfield>
    <subfield code="7">0</subfield>
    <subfield code="8">archivo_palabra</subfield>
    <subfield code="a">ATENEOM</subfield>
    <subfield code="b">ATENEOM</subfield>
    <subfield code="c">DEPOZ</subfield>
    <subfield code="d">2025-05-23</subfield>
    <subfield code="l">0</subfield>
    <subfield code="o">AP/1361</subfield>
    <subfield code="p">2025-0491</subfield>
    <subfield code="r">2025-05-23 00:00:00</subfield>
    <subfield code="w">2025-05-23</subfield>
    <subfield code="y">CINTASAUD</subfield>
  </datafield>
</record>
